[Event "Reykjavik Taflfelag op"]
[Site "Reykjavik"]
[Date "2019.11.06"]
[Round "4"]
[White "Eliasson, Kristjan Orn"]
[Black "Valtysson, Thor"]
[Result "0-1"]
[WhiteElo "1785"]
[BlackElo "1857"]
[PlyCount "160"]
[EventDate "2019.10.16"]
[EventType "swiss"]
[EventRounds "7"]
[EventCountry "ISL"]
[SourceTitle "CBM 193 Extra"]
[Source "ChessBase"]
[SourceDate "2020.01.31"]
[SourceVersion "1"]
[SourceVersionDate "2020.01.31"]
[SourceQuality "1"]

1. e4 c6 2. Nf3 d5 3. Nc3 Bg4 4. h3 Bxf3 5. Qxf3 e6 6. d3 Nd7 7. Bf4 Bb4 8. a3 Qa5 9. Bd2 d4 10. Nb1 Bxd2+ 11. Nxd2 Ngf6 12. Be2 0-0 13. g4 Ne5 14. Qg3 Ng6 15. f4 e5 16. f5 Nf4 17. Rh2 Kh8 18. Qh4 c5 19. g5 Nd7 20. 0-0-0 b5 21. Rg1 Qd8 22. Nf3 Rc8 23. f6 Rc6 24. fxg7+ Kxg7 25. Kb1 Qe7 26. g6 Qxh4 27. Nxh4 hxg6 28. Bf1 c4 29. Rg4 cxd3 30. Bxd3 Nxd3 31. cxd3 Rfc8 32. Rf2 Rc1+ 33. Ka2 R1c2 34. Rfg2 Rxg2 35. Rxg2 Rh8 36. Nf5+ Kf6 37. Nd6 a6 38. Rg3 Ke6 39. Nb7 Rc8 40. Rf3 f6 41. Rg3 g5 42. Rf3 Nf8 43. Kb3 Rc7 44. Na5 Ng6 45. a4 Nf4 46. axb5 axb5 47. Kb4 Rh7 48. Nb3 Rxh3 49. Nc5+ Kd6 50. Rf1 g4 51. Ra1 Nxd3+ 52. Nxd3 Rxd3 53. Rg1 g3 54. Kxb5 Rb3+ 55. Kc4 Rxb2 56. Rxg3 Ke6 57. Rd3 Rb6 58. Rf3 Rc6+ 59. Kb4 Rc1 60. Rh3 Kf7 61. Rg3 Rc8 62. Rh3 Kg6 63. Rg3+ Kh5 64. Rf3 Kg5 65. Rf5+ Kg6 66. Rf3 Rc3 67. Rf1 Re3 68. Rg1+ Kf7 69. Rg4 Ke6 70. Rh4 Rf3 71. Rh1 Rf4 72. Re1 f5 73. exf5+ Kxf5 74. Kc4 Rf3 75. Kd5 Re3 76. Rf1+ Kg4 77. Rf8 d3 78. Kc4 e4 79. Rf1 d2 80. Rd1 Rd3 0-1

[Event "Akureyri Icelandic op"]
[Site "Akureyri"]
[Date "2019.05.26"]
[Round "3"]
[White "Stefansson, Benedikt"]
[Black "Valtysson, Thor"]
[Result "1/2-1/2"]
[WhiteElo "1423"]
[BlackElo "1896"]
[PlyCount "60"]
[EventDate "2019.05.25"]
[EventType "swiss"]
[EventRounds "9"]
[EventCountry "ISL"]
[SourceTitle "CBM 190 Extra"]
[Source "ChessBase"]
[SourceDate "2019.07.15"]
[SourceVersion "1"]
[SourceVersionDate "2019.07.15"]
[SourceQuality "1"]

1. e4 c6 2. d4 d5 3. Nd2 dxe4 4. Nxe4 Nf6 5. Nxf6+ exf6 6. Nf3 Bd6 7. Bc4 0-0 8. 0-0 Bg4 9. b3 Qc7 10. h3 Be6 11. d5 cxd5 12. Bxd5 Bxd5 13. Qxd5 Rd8 14. Qe4 Nc6 15. Bb2 Re8 16. Qg4 Ne5 17. Nxe5 Bxe5 18. Bxe5 Rxe5 19. Qf3 h6 20. Rfe1 Rae8 21. Rxe5 fxe5 22. c4 Re6 23. Rd1 e4 24. Qe3 a6 25. Qd4 Qf4 26. Qd2 Qf5 27. Qd5 Qf4 28. Qxb7 Rg6 29. Qd5 Qf3 30. g3 Rxg3+ 1/2-1/2

[Event "Reykjavik op"]
[Site "Reykjavik"]
[Date "2019.04.09"]
[Round "2"]
[White "Valtysson, Thor"]
[Black "Sigurvaldason, Hjalmar"]
[Result "1-0"]
[WhiteElo "1915"]
[BlackElo "1467"]
[PlyCount "63"]
[EventDate "2019.04.08"]
[EventType "swiss"]
[EventRounds "9"]
[EventCountry "ISL"]
[SourceTitle "CBM 189 Extra"]
[Source "ChessBase"]
[SourceDate "2019.06.03"]
[SourceVersion "1"]
[SourceVersionDate "2019.06.03"]
[SourceQuality "1"]

1. d4 Nf6 2. Nf3 d5 3. c4 e6 4. g3 c6 5. Qc2 Ne4 6. Bg2 Bb4+ 7. Nbd2 Nd7 8. 0-0 f5 9. a3 Bd6 10. b4 0-0 11. Bb2 Qe8 12. Ne5 Bxe5 13. dxe5 Qg6 14. Nf3 Rd8 15. Rad1 Nf8 16. Nd2 Bd7 17. f3 Nxd2 18. Rxd2 Qe8 19. e4 fxe4 20. fxe4 Rab8 21. exd5 exd5 22. cxd5 cxd5 23. Bxd5+ Be6 24. Rfd1 Bxd5 25. Rxd5 Rxd5 26. Rxd5 Ne6 27. Rd6 Rd8 28. Qd3 Rxd6 29. exd6 a6 30. d7 Qd8 31. Qd5 Qb6+ 32. Bd4 1-0

[Event "Reykjavik Congress"]
[Site "Reykjavik"]
[Date "2019.01.20"]
[Round "5"]
[White "Briem, Hedinn Sveinn Baldu"]
[Black "Valtysson, Thor"]
[Result "1/2-1/2"]
[WhiteElo "1617"]
[BlackElo "1901"]
[PlyCount "70"]
[EventDate "2019.01.06"]
[EventType "swiss"]
[EventRounds "9"]
[EventCountry "ISL"]
[SourceTitle "CBM 188 Extra"]
[Source "ChessBase"]
[SourceDate "2019.02.26"]
[SourceVersion "1"]
[SourceVersionDate "2019.02.26"]
[SourceQuality "1"]

1. d4 d5 2. c4 c6 3. Nc3 Nf6 4. Qc2 g6 5. e3 Bg7 6. Bd3 0-0 7. Nf3 Nbd7 8. b3 dxc4 9. bxc4 Re8 10. 0-0 e5 11. Bb2 Qe7 12. dxe5 Ng4 13. e6 Qxe6 14. Rfd1 Nge5 15. Nxe5 Nxe5 16. c5 Qe7 17. Na4 Bg4 18. Be2 Bxe2 19. Qxe2 Rad8 20. Bd4 Qe6 21. Qb2 Nc4 22. Qc3 Bxd4 23. Rxd4 Rxd4 24. Qxd4 Na3 25. Qb2 Nb5 26. Rd1 Qc4 27. Qb3 Qg4 28. Qc2 Qe6 29. h3 Qe7 30. Qd3 Qe4 31. Qd7 Re7 32. Qd8+ Kg7 33. Nb2 Re8 34. Qd7 Re7 35. Qd8 Re8 1/2-1/2

[Event "Reykjavik Congress"]
[Site "Reykjavik"]
[Date "2019.01.09"]
[Round "2"]
[White "Valtysson, Thor"]
[Black "Ptacnikova, Lenka"]
[Result "0-1"]
[WhiteElo "1901"]
[BlackElo "2187"]
[PlyCount "92"]
[EventDate "2019.01.06"]
[EventType "swiss"]
[EventRounds "9"]
[EventCountry "ISL"]
[SourceTitle "CBM 188 Extra"]
[Source "ChessBase"]
[SourceDate "2019.02.26"]
[SourceVersion "1"]
[SourceVersionDate "2019.02.26"]
[SourceQuality "1"]

1. d4 Nf6 2. Nf3 e6 3. Bf4 b6 4. e3 Bb7 5. Bd3 Be7 6. h3 c5 7. c3 Be4 8. 0-0 0-0 9. Bxe4 Nxe4 10. Nbd2 Nxd2 11. Qxd2 d5 12. Rfe1 Nc6 13. Ne5 Nxe5 14. Bxe5 Rc8 15. Qe2 Bd6 16. Bxd6 Qxd6 17. Rad1 c4 18. e4 b5 19. exd5 Qxd5 20. Qd2 f6 21. Qe2 Rc6 22. a3 Rd8 23. Qg4 Kf7 24. f4 a5 25. Re3 h5 26. Qe2 Rb6 27. Rf1 Rh8 28. f5 exf5 29. Re7+ Kg6 30. Qf2 h4 31. Qf4 Re6 32. Rxe6 Qxe6 33. Qf2 Rh5 34. Re1 Qd5 35. Re2 b4 36. axb4 axb4 37. Qf4 bxc3 38. bxc3 Rh8 39. Qc7 Ra8 40. Qf4 Ra3 41. Qc1 Qa5 42. Qe3 Qxc3 43. Qf2 Ra1+ 44. Kh2 Qc1 45. Qxh4 Qg1+ 46. Kg3 Ra3+ 0-1

[Event "Reykjavik Icelandic op"]
[Site "Reykjavik"]
[Date "2018.06.04"]
[Round "5"]
[White "Jonsson, Gauti Pall"]
[Black "Valtysson, Thor"]
[Result "1-0"]
[WhiteElo "2045"]
[BlackElo "1947"]
[PlyCount "77"]
[EventDate "2018.06.01"]
[EventType "swiss"]
[EventRounds "10"]
[EventCountry "ISL"]
[SourceTitle "CBM 184 Extra"]
[Source "ChessBase"]
[SourceDate "2018.06.28"]
[SourceVersion "1"]
[SourceVersionDate "2018.06.28"]
[SourceQuality "1"]

1. Nf3 d5 2. c4 c6 3. e3 Nf6 4. Nc3 e6 5. b3 Bd6 6. Qc2 Nbd7 7. Bb2 Qe7 8. Rg1 Ng4 9. h3 Nge5 10. Nxe5 Nxe5 11. f4 Nd7 12. 0-0-0 Ba3 13. e4 Bxb2+ 14. Kxb2 dxe4 15. Qxe4 0-0 16. d4 Nf6 17. Qe3 Rd8 18. g4 Kf8 19. g5 Ne8 20. Bd3 a5 21. a3 Nd6 22. Rde1 Qd7 23. h4 b5 24. c5 Nf5 25. Bxf5 exf5 26. d5 cxd5 27. c6 Qa7 28. Qxa7 Rxa7 29. Nxb5 Re7 30. Rxe7 Kxe7 31. Re1+ Be6 32. Nd4 Kd6 33. Kc3 Ra8 34. Rb1 h6 35. b4 axb4+ 36. axb4 Ra3+ 37. Rb3 Ra1 38. b5 Rc1+ 39. Kd2 1-0

[Event "Reykjavik Faxaven op"]
[Site "Reykjavik"]
[Date "2018.05.02"]
[Round "7"]
[White "Valtysson, Thor"]
[Black "Kristinsson, Magnus"]
[Result "1/2-1/2"]
[WhiteElo "1922"]
[BlackElo "1770"]
[PlyCount "53"]
[EventDate "2018.03.21"]
[EventType "swiss"]
[EventRounds "7"]
[EventCountry "ISL"]
[SourceTitle "EXT 2019"]
[Source "ChessBase"]
[SourceDate "2018.10.10"]
[SourceVersion "1"]
[SourceVersionDate "2018.10.10"]
[SourceQuality "1"]

1. d4 Nf6 2. Nf3 g6 3. g3 Bg7 4. Bg2 d5 5. 0-0 c5 6. dxc5 Nbd7 7. c4 Nxc5 8. Nc3 0-0 9. cxd5 Qb6 10. Nd2 Bf5 11. e4 Bg4 12. Qc2 Rac8 13. Rb1 Bd7 14. Qd1 Bg4 15. Qc2 Bd7 16. Nb3 Ncxe4 17. Bxe4 Nxe4 18. Qxe4 Bf5 19. Qxe7 Rfe8 20. Qh4 Bxc3 21. bxc3 Bxb1 22. Be3 Rxe3 23. fxe3 Qxe3+ 24. Rf2 Be4 25. d6 Qe1+ 26. Rf1 Qe3+ 27. Rf2 1/2-1/2

[Event "Reykjavik Faxaven op"]
[Site "Reykjavik"]
[Date "2018.03.28"]
[Round "2"]
[White "Valtysson, Thor"]
[Black "Olafsson, Thorvadur F"]
[Result "0-1"]
[WhiteElo "1922"]
[BlackElo "2176"]
[PlyCount "106"]
[EventDate "2018.03.21"]
[EventType "swiss"]
[EventRounds "7"]
[EventCountry "ISL"]
[SourceTitle "EXT 2019"]
[Source "ChessBase"]
[SourceDate "2018.10.10"]
[SourceVersion "1"]
[SourceVersionDate "2018.10.10"]
[SourceQuality "1"]

1. d4 Nf6 2. g3 g6 3. Bg2 d5 4. c4 c6 5. cxd5 cxd5 6. Nc3 Nc6 7. Nf3 Bg7 8. 0-0 0-0 9. a3 Ne4 10. Be3 Nxc3 11. bxc3 Na5 12. Bf4 b6 13. Nd2 Ba6 14. Re1 Rc8 15. Rc1 f5 16. Kh1 Rf6 17. Be5 Rfc6 18. Bxg7 Kxg7 19. c4 Bxc4 20. Nxc4 Rxc4 21. Rxc4 Rxc4 22. e3 Qd7 23. h4 e6 24. Bf1 Rc3 25. a4 Qc7 26. Bb5 Rc2 27. Kg2 Qc3 28. h5 Nb3 29. hxg6 hxg6 30. Rh1 Nd2 31. Re1 Ne4 32. Rf1 Qc7 33. Be2 Rd2 34. Qe1 Qc2 35. Bf3 Ng5 36. Bd1 Qe4+ 37. Kh2 Qd3 38. Kg2 a5 39. Kh2 Rb2 40. Kg1 Qd2 41. Kg2 Ne4 42. Qxd2 Nxd2 43. Re1 Ne4 44. Be2 Nc3 45. Bd3 Nxa4 46. Rc1 Rb4 47. Rc6 Kf7 48. Ba6 Rb3 49. Bc8 Rc3 50. Bxe6+ Ke7 51. Bxd5 Rxc6 52. Bxc6 Nc3 53. Kf1 a4 0-1

[Event "Reykjavik op"]
[Site "Reykjavik"]
[Date "2018.03.10"]
[Round "5"]
[White "Carroll, Peter"]
[Black "Valtysson, Thor"]
[Result "1/2-1/2"]
[WhiteElo "1733"]
[BlackElo "1922"]
[PlyCount "94"]
[EventDate "2018.03.06"]
[EventType "swiss"]
[EventRounds "9"]
[EventCountry "ISL"]
[SourceTitle "CBM 183 Extra"]
[Source "ChessBase"]
[SourceDate "2018.04.19"]
[SourceVersion "1"]
[SourceVersionDate "2018.04.19"]
[SourceQuality "1"]

1. e4 c6 2. d4 d5 3. e5 Bf5 4. g4 Bd7 5. Bd3 e6 6. c3 c5 7. Nf3 Nc6 8. a3 cxd4 9. cxd4 Qb6 10. Bc2 h5 11. g5 g6 12. Nc3 Nge7 13. b4 Nf5 14. Na4 Qc7 15. Bxf5 gxf5 16. Bf4 b6 17. Rc1 Qb7 18. 0-0 h4 19. Nb2 Be7 20. Rc3 a6 21. Qc2 Kf8 22. Rc1 Rc8 23. Nd3 Kg7 24. Qd1 Rc7 25. Qf1 Rhc8 26. Qh3 Nxd4 27. Rxc7 Nxf3+ 28. Qxf3 Rxc7 29. Qh5 Rxc1+ 30. Bxc1 Be8 31. Nf4 Qc7 32. Bb2 Qc4 33. Qxh4 Qc2 34. h3 Qd1+ 35. Kg2 d4 36. Nxe6+ fxe6 37. Qh6+ Kg8 38. Qxe6+ Bf7 39. Qxe7 Bd5+ 40. Kg3 Qf3+ 41. Kh4 Qxf2+ 42. Kh5 Bf7+ 43. g6 Qf3+ 44. Kg5 Qg3+ 45. Kxf5 Qf3+ 46. Kg5 Qg3+ 47. Kf5 Qf3+ 1/2-1/2

[Event "Reykjavik op"]
[Site "Reykjavik"]
[Date "2018.03.10"]
[Round "9"]
[White "Valtysson, Thor"]
[Black "Johannsson, Orn Leo"]
[Result "1/2-1/2"]
[WhiteElo "1922"]
[BlackElo "2206"]
[PlyCount "114"]
[EventDate "2018.03.06"]
[EventType "swiss"]
[EventRounds "9"]
[EventCountry "ISL"]
[SourceTitle "EXT 2019"]
[Source "ChessBase"]
[SourceDate "2018.10.10"]
[SourceVersion "1"]
[SourceVersionDate "2018.10.10"]
[SourceQuality "1"]

1. d4 c5 2. c3 b6 3. Bf4 Bb7 4. e3 Nf6 5. Nd2 d6 6. h3 Nbd7 7. Ngf3 g6 8. Be2 Bg7 9. 0-0 0-0 10. a4 a6 11. Bh2 Qc7 12. Qb1 Rac8 13. Qa2 cxd4 14. exd4 Qb8 15. Bc4 Qa8 16. Rfe1 d5 17. Bd3 Ne4 18. Re2 Nxd2 19. Rxd2 Bc6 20. Re2 e6 21. Ne5 Nxe5 22. Bxe5 a5 23. Bxg7 Kxg7 24. Qa3 Qb8 25. Qe7 Rfe8 26. Qg5 Qb7 27. h4 Qd7 28. Bc2 f6 29. Qd2 Re7 30. Rae1 Rce8 31. b3 Qd6 32. Re3 Qf4 33. g3 Qd6 34. Qe2 e5 35. Bd3 e4 36. Bb5 Rc8 37. Bxc6 Rxc6 38. Qb2 f5 39. f4 Rec7 40. Rc1 Qf6 41. Kf1 h6 42. Rc2 Kh7 43. Rh2 Kg8 44. Rc2 Kf7 45. Rd2 Qd6 46. Rf2 Ke6 47. Rd2 Kd7 48. Ke1 Kc8 49. Kd1 g5 50. hxg5 hxg5 51. Rf2 Rg7 52. Qe2 Kb7 53. Kc1 gxf4 54. Rxf4 Rxg3 55. Rxf5 Qa3+ 56. Kd2 Qb2+ 57. Ke1 Qc1+ 1/2-1/2

[Event "Reykjavik op"]
[Site "Reykjavik"]
[Date "2018.03.07"]
[Round "2"]
[White "Valtysson, Thor"]
[Black "Kurt, Herbert"]
[Result "1-0"]
[WhiteElo "1922"]
[BlackElo "1682"]
[PlyCount "65"]
[EventDate "2018.03.06"]
[EventType "swiss"]
[EventRounds "9"]
[EventCountry "ISL"]
[SourceTitle "CBM 183 Extra"]
[Source "ChessBase"]
[SourceDate "2018.04.19"]
[SourceVersion "1"]
[SourceVersionDate "2018.04.19"]
[SourceQuality "1"]

1. d4 Nf6 2. Nf3 g6 3. Bf4 Bg7 4. e3 0-0 5. Be2 d6 6. h3 Nbd7 7. 0-0 c5 8. c3 Qb6 9. Qc2 a6 10. Nbd2 Re8 11. a4 Qd8 12. a5 Rb8 13. Bc4 b5 14. Bxf7+ Kh8 15. Bxe8 Qxe8 16. Bh2 c4 17. b3 cxb3 18. Qxb3 h6 19. Rfe1 Bb7 20. e4 Rc8 21. c4 e5 22. cxb5 axb5 23. dxe5 Nc5 24. Qb1 dxe5 25. Bxe5 Rd8 26. Ra3 Qd7 27. Bxf6 Bxf6 28. e5 Bg7 29. Qxg6 Nd3 30. e6 Qd6 31. Rxd3 Qxd3 32. Qxd3 Rxd3 33. e7 1-0

[Event "ISL-chT 1718"]
[Site "Reykjavik"]
[Date "2018.03.03"]
[Round "9.4"]
[White "Einarsson, Halldor Gretar"]
[Black "Valtysson, Thor"]
[Result "1-0"]
[WhiteElo "2254"]
[BlackElo "1922"]
[PlyCount "45"]
[EventDate "2017.10.19"]
[EventType "team-tourn"]
[EventRounds "9"]
[EventCountry "ISL"]
[SourceTitle "EXT 2019"]
[Source "ChessBase"]
[SourceDate "2018.10.10"]
[SourceVersion "1"]
[SourceVersionDate "2018.10.10"]
[SourceQuality "1"]
[WhiteTeam "Bolungarvik"]
[BlackTeam "Akureyri II"]
[WhiteTeamCountry "ISL"]
[BlackTeamCountry "ISL"]

1. d4 d5 2. c4 c6 3. Nf3 Nf6 4. Nc3 dxc4 5. a4 Bf5 6. Nh4 e6 7. Nxf5 exf5 8. e3 Bb4 9. Bxc4 0-0 10. 0-0 Nbd7 11. Qd3 g6 12. f3 Kg7 13. e4 fxe4 14. fxe4 Qa5 15. Qh3 h5 16. Be2 Rad8 17. e5 Ng8 18. Bxh5 Bc5 19. dxc5 gxh5 20. Qg3+ Kh7 21. Rf5 Ngf6 22. exf6 Nxf6 23. Rxf6 1-0

[Event "Reykjavik op"]
[Site "Reykjavik"]
[Date "2017.04.22"]
[Round "5"]
[White "Valtysson, Thor"]
[Black "Johannsson, Birkir Isak"]
[Result "1-0"]
[WhiteElo "1955"]
[BlackElo "1567"]
[PlyCount "81"]
[EventDate "2017.04.19"]
[EventType "swiss"]
[EventRounds "10"]
[EventCountry "ISL"]
[SourceTitle "CBM 178 Extra"]
[Source "ChessBase"]
[SourceDate "2017.06.22"]
[SourceVersion "1"]
[SourceVersionDate "2017.06.22"]
[SourceQuality "1"]

1. d4 d5 2. Nf3 Nf6 3. Bf4 c5 4. e3 cxd4 5. exd4 Nc6 6. c3 Bf5 7. Nbd2 e6 8. Qb3 Qc8 9. h3 h6 10. Be2 Be7 11. 0-0 0-0 12. Rac1 b6 13. Qa4 Na5 14. Ne5 Ne4 15. Nb3 Nxb3 16. axb3 a6 17. b4 b5 18. Qb3 Nd6 19. Ra1 Nc4 20. Ra2 Nxe5 21. Bxe5 Qc6 22. Rfa1 Ra7 23. Ra5 Rb7 24. Rxa6 Qd7 25. Qd1 f6 26. Bg3 Rc8 27. Qf1 Bd8 28. Ra8 Rxa8 29. Rxa8 Kh7 30. Rb8 Rxb8 31. Bxb8 Qb7 32. Bg3 Qa6 33. Bxb5 Qa2 34. Qe2 Qb1+ 35. Kh2 Bb6 36. Bd7 Ba7 37. Bxe6 Bxe6 38. Qxe6 Qxb2 39. Qf5+ Kh8 40. Qc8+ Kh7 41. Qc7 1-0

[Event "Reykjavik op"]
[Site "Reykjavik"]
[Date "2017.04.20"]
[Round "3"]
[White "Valtysson, Thor"]
[Black "Thorarensen, Adalsteinn"]
[Result "1-0"]
[WhiteElo "1955"]
[BlackElo "1686"]
[PlyCount "79"]
[EventDate "2017.04.19"]
[EventType "swiss"]
[EventRounds "10"]
[EventCountry "ISL"]
[SourceTitle "CBM 178 Extra"]
[Source "ChessBase"]
[SourceDate "2017.06.22"]
[SourceVersion "1"]
[SourceVersionDate "2017.06.22"]
[SourceQuality "1"]

1. d4 d5 2. Nf3 Nf6 3. Bg5 c5 4. e3 Qb6 5. Qc1 Ne4 6. Bf4 Nc6 7. c3 Bf5 8. Nbd2 h6 9. h3 e6 10. Be2 Rc8 11. 0-0 cxd4 12. Nxd4 Bh7 13. Nxc6 bxc6 14. Nxe4 Bxe4 15. Qd2 Be7 16. b4 0-0 17. Bd3 Bxd3 18. Qxd3 c5 19. a3 Bf6 20. Rac1 Rfd8 21. Rfd1 a5 22. Qb1 c4 23. Qc2 axb4 24. axb4 Ra8 25. Ra1 Ra6 26. Bc7 Qb5 27. Bxd8 Bxd8 28. Rxa6 Qxa6 29. Qb2 Bf6 30. Ra1 Qb7 31. b5 e5 32. b6 d4 33. exd4 exd4 34. cxd4 c3 35. Qxc3 Qxb6 36. Rd1 Qd6 37. Qc5 Qd7 38. d5 Qa4 39. Qc8+ Kh7 40. Qf5+ 1-0

[Event "ISL-chT2 1617"]
[Site "Reykjavik"]
[Date "2017.03.04"]
[Round "7.4"]
[White "Valtysson, Thor"]
[Black "Grimsson, Grimur"]
[Result "1/2-1/2"]
[WhiteElo "1954"]
[BlackElo "1752"]
[PlyCount "36"]
[EventDate "2016.09.30"]
[EventType "team-tourn"]
[EventRounds "7"]
[EventCountry "ISL"]
[SourceTitle "EXT 2018"]
[Source "ChessBase"]
[SourceDate "2017.10.13"]
[SourceVersion "1"]
[SourceVersionDate "2017.10.13"]
[SourceQuality "1"]
[WhiteTeam "Akureyri II"]
[BlackTeam "Vinaskakfelagid"]
[WhiteTeamCountry "ISL"]
[BlackTeamCountry "ISL"]

1. d4 e6 2. Nf3 f5 3. d5 Bd6 4. Bg5 Nf6 5. dxe6 dxe6 6. Nbd2 h6 7. Bxf6 Qxf6 8. c3 0-0 9. e4 Nd7 10. exf5 exf5 11. Bc4+ Kh8 12. 0-0 Nc5 13. Re1 Be6 14. Bxe6 Nxe6 15. Nc4 Rad8 16. Nxd6 Rxd6 17. Qe2 Rfd8 18. Rad1 g6 1/2-1/2

[Event "ISL-chT2 1617"]
[Site "Reykjavik"]
[Date "2016.10.01"]
[Round "2.4"]
[White "Saevaldsson, Kristinn Jon"]
[Black "Valtysson, Thor"]
[Result "1/2-1/2"]
[WhiteElo "1918"]
[BlackElo "1954"]
[PlyCount "40"]
[EventDate "2016.09.30"]
[EventType "team-tourn"]
[EventRounds "7"]
[EventCountry "ISL"]
[SourceTitle "EXT 2018"]
[Source "ChessBase"]
[SourceDate "2017.10.13"]
[SourceVersion "1"]
[SourceVersionDate "2017.10.13"]
[SourceQuality "1"]
[WhiteTeam "Hauka"]
[BlackTeam "Akureyri II"]
[WhiteTeamCountry "ISL"]
[BlackTeamCountry "ISL"]

1. d4 d5 2. Nf3 Nf6 3. Bf4 e6 4. e3 c5 5. dxc5 Bxc5 6. Be2 Nc6 7. 0-0 0-0 8. Nbd2 h6 9. Ne5 Nxe5 10. Bxe5 Bd7 11. c4 Rc8 12. cxd5 Nxd5 13. Ne4 Be7 14. Nc3 Nxc3 15. Bxc3 Bc6 16. Qxd8 Rfxd8 17. Rfd1 Rxd1+ 18. Rxd1 Rd8 19. Rxd8+ Bxd8 20. Bd4 a6 1/2-1/2

[Event "Reykjavik op"]
[Site "Reykjavik"]
[Date "2016.03.14"]
[Round "8"]
[White "Valtysson, Thor"]
[Black "Finsterwalder, Sebastian"]
[Result "0-1"]
[WhiteElo "1946"]
[BlackElo "2095"]
[PlyCount "146"]
[EventDate "2016.03.08"]
[EventType "swiss"]
[EventRounds "10"]
[EventCountry "ISL"]
[SourceTitle "CBM 171 Extra"]
[Source "ChessBase"]
[SourceDate "2016.04.26"]
[SourceVersion "1"]
[SourceVersionDate "2016.04.26"]
[SourceQuality "1"]

1. d4 d5 2. Nf3 Nf6 3. Bf4 c5 4. e3 Nc6 5. dxc5 e6 6. Be2 Bxc5 7. 0-0 0-0 8. c3 Qe7 9. Ne5 Nd7 10. Nxd7 Bxd7 11. Bg3 Rfd8 12. Nd2 e5 13. Nf3 e4 14. Nd4 Nxd4 15. cxd4 Bd6 16. Bxd6 Qxd6 17. Qb3 Bc6 18. Rfc1 a6 19. Rc5 f5 20. g3 g5 21. Kh1 h5 22. f3 Kg7 23. f4 g4 24. Rcc1 h4 25. Kg2 Rh8 26. Rh1 Kf6 27. Rac1 Rh6 28. Qc2 Rah8 29. Qb1 Qd7 30. a3 Qh7 31. Rcg1 Qg8 32. Qc1 R8h7 33. Bxa6 Qh8 34. Qc5 Kf7 35. Bxb7 Bxb7 36. Qc7+ Kg6 37. Qd6+ Kh5 38. Qb4 h3+ 39. Kf2 Qc8 40. Rc1 Rc6 41. Rc5 Rhc7 42. Rhc1 Qf8 43. Rxc6 Qxb4 44. axb4 Rxc6 45. Rc5 Ra6 46. Ra5 Kg6 47. Ke1 Kf6 48. Kd2 Ke6 49. Ra3 Rxa3 50. bxa3 Bc6 51. Kc3 Ba4 52. b5 Bxb5 53. Kb4 Bc4 54. Kc5 Bb3 55. Kb4 Bc2 56. Kc5 Bb3 57. Kc6 Ke7 58. a4 Bxa4+ 59. Kxd5 Kf6 60. Kd6 Bb3 61. Kd7 Ba2 62. Kd6 Be6 63. Kc6 Ke7 64. d5 Bf7 65. d6+ Kd8 66. d7 Be6 67. Kd6 Bxd7 68. Ke5 Kc7 69. Kf6 Kd6 70. Kf7 Bc8 71. Kf6 Kd5 72. Ke7 Kc4 73. Kd8 Ba6 0-1

[Event "Reykjavik op"]
[Site "Reykjavik"]
[Date "2016.03.10"]
[Round "4"]
[White "Valtysson, Thor"]
[Black "Edvardsson, Kristjan"]
[Result "0-1"]
[WhiteElo "1946"]
[BlackElo "2228"]
[PlyCount "116"]
[EventDate "2016.03.08"]
[EventType "swiss"]
[EventRounds "10"]
[EventCountry "ISL"]
[SourceTitle "CBM 171 Extra"]
[Source "ChessBase"]
[SourceDate "2016.04.26"]
[SourceVersion "1"]
[SourceVersionDate "2016.04.26"]
[SourceQuality "1"]

1. d4 Nf6 2. Nf3 g6 3. Bf4 Bg7 4. e3 d6 5. h3 0-0 6. Be2 b6 7. 0-0 Bb7 8. Nbd2 Nbd7 9. c3 Qe8 10. a4 e5 11. Bh2 a6 12. dxe5 dxe5 13. Qc2 Qe7 14. Rfd1 Kh8 15. Nf1 Ne4 16. N3d2 Nxd2 17. Rxd2 Nc5 18. f3 e4 19. f4 Qe6 20. Rdd1 a5 21. Rab1 Bd5 22. c4 Bc6 23. b3 Nd3 24. Bg3 Nb4 25. Qd2 Qf6 26. Qe1 Qe7 27. Bh4 Qc5 28. Rbc1 Rae8 29. Kh1 Nd3 30. Bxd3 exd3 31. Rxd3 Qf5 32. Rd2 Qxh3+ 33. Kg1 Qg4 34. Nh2 Qh5 35. Bf2 Re7 36. Qd1 Qf5 37. Rd8 Rfe8 38. Rxe8+ Rxe8 39. Rc2 Bf6 40. Rd2 h5 41. Nf3 Qe4 42. Qc2 Qe7 43. Kf1 Kg7 44. Nd4 Be4 45. Qd1 Bb7 46. Nf3 h4 47. Ne1 h3 48. gxh3 Qe4 49. Qg4 Bc3 50. Rd1 Bxe1 51. Kxe1 Bc8 52. Qg3 Rh8 53. h4 Bf5 54. Bg1 Qc2 55. e4 Qxe4+ 56. Kf1 Qc2 57. Bd4+ Kh7 58. Qe1 Bh3+ 0-1

[Event "Reykjavik op"]
[Site "Reykjavik"]
[Date "2016.03.08"]
[Round "1"]
[White "Kjartansson, Gudmundur"]
[Black "Valtysson, Thor"]
[Result "1-0"]
[WhiteElo "2446"]
[BlackElo "1946"]
[PlyCount "77"]
[EventDate "2016.03.08"]
[EventType "swiss"]
[EventRounds "10"]
[EventCountry "ISL"]
[SourceTitle "CBM 171 Extra"]
[Source "ChessBase"]
[SourceDate "2016.04.26"]
[SourceVersion "1"]
[SourceVersionDate "2016.04.26"]
[SourceQuality "1"]

1. c4 c6 2. Nc3 d5 3. d4 Nf6 4. e3 e6 5. Nf3 Nbd7 6. Qc2 Be7 7. Bd3 0-0 8. 0-0 b6 9. e4 dxe4 10. Nxe4 Bb7 11. Nxf6+ Nxf6 12. c5 bxc5 13. dxc5 Bxc5 14. Bxh7+ Nxh7 15. Qxc5 Qb6 16. Qc3 Rfd8 17. Be3 Qc7 18. Bd4 f6 19. Qe3 Bc8 20. Rad1 Nf8 21. Bc5 Rd5 22. Rc1 e5 23. Bxf8 Kxf8 24. h4 Bg4 25. Nd2 Rad8 26. Ne4 Kf7 27. Qb3 Be6 28. Qc2 Bd7 29. Nc3 Ra5 30. b4 Ra6 31. a4 Qb8 32. h5 Qxb4 33. Rfd1 Qg4 34. Ne4 Rb6 35. f3 Qe6 36. Rd6 Qe7 37. Rcd1 Rbb8 38. Qd2 Ke8 39. h6 1-0

[Event "ISL-chT 1516"]
[Site "Reykjavik"]
[Date "2016.03.05"]
[Round "8.1"]
[White "Valtysson, Thor"]
[Black "Gunnarsson, Gunnar K"]
[Result "1/2-1/2"]
[WhiteElo "1968"]
[BlackElo "2164"]
[PlyCount "68"]
[EventDate "2015.09.24"]
[EventType "team-tourn"]
[EventRounds "9"]
[EventCountry "ISL"]
[SourceTitle "EXT 2017"]
[Source "ChessBase"]
[SourceDate "2016.10.25"]
[SourceVersion "1"]
[SourceVersionDate "2016.10.25"]
[SourceQuality "1"]
[WhiteTeam "Akureyri II"]
[BlackTeam "KR CC"]
[WhiteTeamCountry "ISL"]
[BlackTeamCountry "ISL"]

1. d4 Nf6 2. Nf3 g6 3. Bf4 Bg7 4. e3 0-0 5. Be2 c5 6. c3 b6 7. 0-0 Bb7 8. Nbd2 d6 9. h3 Nbd7 10. Bh2 Re8 11. a4 a6 12. Qc2 cxd4 13. exd4 Rc8 14. Rad1 Qc7 15. Bd3 e5 16. dxe5 dxe5 17. Be4 Nxe4 18. Nxe4 Bxe4 19. Qxe4 Nc5 20. Qc2 Qc6 21. b3 a5 22. Rfe1 f6 23. Re2 b5 24. axb5 Qxb5 25. Rb1 Na6 26. c4 Qc5 27. Rd2 Nb4 28. Qd1 h5 29. Ra1 Rc6 30. Rd8 Rxd8 31. Qxd8+ Kh7 32. Rd1 Rc8 33. Qd7 Rc7 34. Qd8 Rc8 1/2-1/2